Central Library OPAC University of Rajshahi

Colonial sequence 1930 to 1949 : (Record no. 43881)

MARC details
000 -LEADER
fixed length control field 00859nam a2200241 a 4500
001 - CONTROL NUMBER
control field 43881
003 - CONTROL NUMBER IDENTIFIER
rucl marc code BD-RjUL
005 - DATE AND TIME OF LATEST TRANSACTION
control field 20211209053751.0
008 - FIXED-LENGTH DATA ELEMENTS--GENERAL INFORMATION
fixed length control field 160628s1967 enkba b 001 0 eng
035 ## - SYSTEM CONTROL NUMBER
System control number (BD-RjUL)43999
System control number (NNC)1652031
040 ## - CATALOGING SOURCE
Original cataloging agency DLC
Transcribing agency ANC
Modifying agency OCL
-- UKM
-- BD-RjUL
-- ZCU
Language of cataloging eng
041 ## - LANGUAGE CODE
Language code of text/sound track or separate title eng
082 ## - DEWEY DECIMAL CLASSIFICATION NUMBER
Edition number 23
Classification number 325.342096
Author mark and year PEC 1967
100 10 - MAIN ENTRY--PERSONAL NAME
Personal name Perham, Margery,
Dates associated with a name 1895-1982.
9 (RLIN) 134838
245 10 - TITLE STATEMENT
Title Colonial sequence 1930 to 1949 :
Remainder of title a chronological commentary upon British colonial policy especially in Africa /
Statement of responsibility, etc. Margery Perham
260 ## - PUBLICATION, DISTRIBUTION, ETC. (IMPRINT)
Place of publication, distribution, etc. London :
Name of publisher, distributor, etc. Methuen; [distribution in the U.S.A. by Barnes & Noble,
Date of publication, distribution, etc. c1967
300 ## - PHYSICAL DESCRIPTION
Pagination xxiv, 351 p. :
Illustrations ill. ;
Size 23 cm.
504 ## - BIBLIOGRAPHY, ETC. NOTE
Bibliography, etc Bibliography: p. [xxv] and index
651 #0 - SUBJECT ADDED ENTRY--GEOGRAPHIC NAME
Geographic name Great Britain
General subdivision Colonies
Geographic subdivision Africa
General subdivision Administration.
9 (RLIN) 134839
942 ## - ADDED ENTRY ELEMENTS (KOHA)
Source of classification or shelving scheme Dewey Decimal Classification
Koha item type Books
Holdings
Lost status Source of classification or shelving scheme Damaged status Not for loan Collection code Permanent Location Current Location Shelving location Date acquired Source of acquisition Total Checkouts Full call number Date last seen Copy number Koha item type
  Dewey Decimal Classification   Not For Loan Non-fiction Central Library, University of Rajshahi Central Library, University of Rajshahi   08/01/1979 World university service   325.342096 PEC 1967 28/06/2016 C-1 Books